00371nam a2200109Ia 4500082001200000245002200012100006400034942000700098008004100105999001900146952009600165 aAF LING 0aBruinoog-Madonna  a LINGUA, Susanna M. Parklands, 2002 LARGE PRINT 910641 cBK210817s9999 xx 000 0 und d c228110d228109 00104070aEMALLbEMALLd2021-08-18g108.00l0p33228011984026r2021-08-18w2021-08-18yBK